000 nam a22 4500
999 _c8900
_d8900
008 180317b ||||| |||| 00| 0 eng d
245 _aXI's visit highlights china's commitment to expanding cooperation, safeguarding nuclear security.
260 _aPhilippines
_bManila Bulletin
_cc2016
300 _apage 10.
650 0 _926899
_aEnergy resources.
942 _2ddc
_cPER